Normal view
MARC view
- Velardez, Miguel Omar
Entry Nombre Personal
001 - NUMERO DE CONTROL
- campo de control: 50716
003 - IDENTIFICADOR DE NUMERO DE CONTROL
- campo de control: DLC
005 - FECHA Y HORA DE LA ÜLTIMA TRANSACCIÓN
- campo de control: 20240104091702.0
008 - DATOS DE LONGITUD FIJA
- campo de control de longitud fija: 210510nn acnnnaabn |n aaa c
010 ## - NÚMERO DE CONTROL DE LA BIBLIOTECA DEL CONGRESO
- Número de control LC: no2021056373
035 ## - NUMERO DE CONTROL
- Número de control: (OCoLC)oca13696325
040 ## - FUENTE DE CATALOGACIÓN
- Agencia original de catalogación: CL-SaBCN
- Lenguaje de catalogación: spa
- Agencia de transcripción: CL-CcU
- Description conventions: rda
- Agencia que lo modifica: MX-MxUPN
100 1# - ENCABEZAMIENTO - NOMBRE PERSONAL
- Nombre personal: Velardez, Miguel Omar
370 ## - LUGAR ASOCIADO
- Associated country: Chile
- Fuente del término: naf
377 ## - LENGUA ASOCIADA
- Language code: spa
670 ## - FUENTE EN LA QUE SE LOCALIZARON DATOS
- Cita de la fuente: Análisis de distancias ocupacionales y familias de ocupaciones en el Uruguay, 2021:
- Información localizada: portada (Miguel Omar Velardez) page [2] (Consultor de la Unidad de Estudios del Empleo de la División de Desarrollo Económico de la Comisión Económica para América Latina y el Caribe (CEPAL)).
670 ## - FUENTE EN LA QUE SE LOCALIZARON DATOS
- Cita de la fuente: Desarrollo de una herramienta de aprendizaje automático (machine learning) para establecer relaciones entre ocupaciones y programas de capacitación en el Uruguay, 2022 :
- Información localizada: portada (Miguel Omar Velardez)
902 ## - CATALOGADOR
- Catalogador: VíctorGodínez/040123
